Сборник задач по геометрии: учебное пособие
| Další autoři: | |
|---|---|
| Shrnutí: | Сборник задач по геометрии содержит около 1900 задач и упражнений, охватывающих все разделы программы по геометрии. Дополнительная глава содержит планиметрические задачи на вычисление. Учебное пособие предназначено для студентов университетов и педагогических вузов. |
| Jazyk: | ruština |
| Vydáno: |
СПб., Лань, 2008
|
| Vydání: | 2-е изд., стер. |
| Edice: | Классическая учебная литература по математике Классические задачники и практикумы Учебники для вузов. Специальная литература |
| Témata: | |
| Médium: | Kniha |
| KOHA link: | https://koha.lib.tpu.ru/cgi-bin/koha/opac-detail.pl?biblionumber=141004 |
MARC
| LEADER | 00000nam0a2200000 4500 | ||
|---|---|---|---|
| 001 | 141004 | ||
| 005 | 20231101220904.0 | ||
| 010 | |a 9785811408153 |b (в пер.) |b 2000 экз. | ||
| 021 | |a RU |b 08-60572 |9 08-3404 | ||
| 035 | |a (RuTPU)RU\TPU\book\152782 | ||
| 090 | |a 141004 | ||
| 100 | |a 20080911d2008 m u0rusy5002 ca | ||
| 101 | 0 | |a rus | |
| 102 | |a RU | ||
| 105 | |a y j 001zy | ||
| 200 | 1 | |a Сборник задач по геометрии |e учебное пособие |f под ред. В. Т. Базылева | |
| 205 | |a 2-е изд., стер. | ||
| 210 | |a СПб. |c Лань |d 2008 | ||
| 215 | |a 239 с. | ||
| 225 | 1 | |a Классическая учебная литература по математике | |
| 225 | 1 | |a Классические задачники и практикумы | |
| 225 | 1 | |a Учебники для вузов. Специальная литература | |
| 320 | |a Библиогр.: с. 238. | ||
| 330 | |a Сборник задач по геометрии содержит около 1900 задач и упражнений, охватывающих все разделы программы по геометрии. Дополнительная глава содержит планиметрические задачи на вычисление. Учебное пособие предназначено для студентов университетов и педагогических вузов. | ||
| 606 | 1 | |a Геометрия |2 stltpush |3 (RuTPU)RU\TPU\subj\6171 |9 34123 | |
| 610 | 1 | |a задачи | |
| 610 | 1 | |a векторная алгебра | |
| 610 | 1 | |a векторы | |
| 610 | 1 | |a метод координат | |
| 610 | 1 | |a плоскости | |
| 610 | 1 | |a линии второго порядка | |
| 610 | 1 | |a прямые линии | |
| 610 | 1 | |a поверхности второго порядка | |
| 610 | 1 | |a n-мерное пространство | |
| 610 | 1 | |a выпуклые многогранники | |
| 610 | 1 | |a проективные пространства | |
| 610 | 1 | |a проективная геометрия | |
| 610 | 1 | |a изображения | |
| 610 | 1 | |a аксиоматика | |
| 610 | 1 | |a неевклидова геометрия | |
| 610 | 1 | |a топология | |
| 610 | 1 | |a учебные пособия | |
| 675 | |a 514(076) |v 3 | ||
| 702 | 1 | |a Базылев |b В. Т. |g Вячеслав Тимофеевич |4 340 | |
| 801 | 1 | |a RU |b 63413507 |c 20080721 |g PSBO | |
| 801 | 2 | |a RU |b 63413507 |c 20201116 |g PSBO | |
| 900 | |a Геометрия и алгебра | ||
| 900 | |a Линейная алгебра и аналитическая геометрия | ||
| 942 | |c BK | ||
| 959 | |a 73/20080716 |d 3 |e 2008 |f ЧЗТЛ:2 |f АНЛ:1 | ||